平成に消滅・改称した埼玉県の市町村 - Statistics

General Stats
  • This quiz has been taken 71 times
    56 since last reset
  • The average score is 25 of 42
Answer Stats
変更年月日 変更内容 回答 変更後の市町村 % Correct
2001.05/01 新設合併 浦和市 さいたま市
100%
2001.05/01 新設合併 大宮市 さいたま市
100%
2001.05/01 新設合併 与野市 さいたま市
98%
2005.04/01 編入合併 岩槻市 さいたま市
91%
2011.10/11 編入合併 鳩ヶ谷市 川口市
84%
2005.10/01 編入合併 吹上町 鴻巣市
72%
2005.10/01 新設合併 上福岡市 ふじみ野市
70%
2010.03/23 新設合併 北川辺町 加須市
70%
2005.04/01 新設合併 秩父市 秩父市
67%
2005.10/01 新設合併 熊谷市 熊谷市
65%
2006.01/01 新設合併 岡部町 深谷市
65%
2006.02/01 新設合併 都幾川村 ときがわ町
65%
2010.03/23 新設合併 菖蒲町 久喜市
65%
2010.03/23 新設合併 栗橋町 久喜市
65%
2005.10/01 新設合併 小鹿野町 小鹿野町
63%
2006.01/01 新設合併 深谷市 深谷市
63%
2010.03/23 新設合併 久喜市 久喜市
63%
2010.03/23 新設合併 鷲宮町 久喜市
63%
2005.10/01 新設合併 春日部市 春日部市
60%
2006.01/10 新設合併 本庄市 本庄市
60%
2006.01/10 新設合併 児玉町 本庄市
60%
2010.03/23 新設合併 加須市 加須市
60%
2010.03/23 新設合併 騎西町 加須市
60%
2011.01/04 市名改称 蓮󠄀田市 蓮田市
60%
2006.01/01 新設合併 神川町 神川町
58%
2010.03/23 新設合併 大利根町 加須市
58%
2005.01/01 編入合併 名栗村 飯能市
56%
2005.10/01 新設合併 庄和町 春日部市
51%
2006.01/01 新設合併 花園町 深谷市
51%
2005.10/01 新設合併 大井町 ふじみ野市
49%
2005.10/01 新設合併 両神村 小鹿野町
49%
2005.04/01 新設合併 大滝村 秩父市
47%
2005.10/01 新設合併 妻沼町 熊谷市
44%
2006.02/01 新設合併 玉川村 ときがわ町
44%
2005.04/01 新設合併 吉田町 秩父市
42%
2005.04/01 新設合併 荒川村 秩父市
42%
2006.01/01 新設合併 川本町 深谷市
37%
2006.01/01 新設合併 神泉村 神川町
37%
2005.10/01 新設合併 大里町 熊谷市
35%
2005.10/01 編入合併 川里町 鴻巣市
35%
2006.01/01 編入合併 南河原村 行田市
35%
2007.02/13 編入合併 江南町 熊谷市
35%
No matching quizzes found
Score Distribution
Percent of People with Each Score
Percentile by Number Answered
Your Score History
You have not taken this quiz since the last reset